| 000 | 00790nam a22002777a 4500 | ||
|---|---|---|---|
| 001 | 9128 | ||
| 003 | FISKH | ||
| 005 | 20251124132953.0 | ||
| 008 | 251124b cb ||||| |||| 00| 0 eng d | ||
| 020 | _a9780862721756 | ||
| 040 |
_aFISKH _beng _cFISKH _dFISKH |
||
| 050 | _aVM15 | ||
| 082 | _a623.8 | ||
| 100 |
_aRoberts, David _eAuthor |
||
| 245 |
_aThe superbook of ships / _cDavid Roberts |
||
| 250 | _aThis edition published in 1985. | ||
| 260 |
_aLondon : _bWard Lock Limited , _c1980 |
||
| 300 |
_a40 pages : _bcolor illustrations ; _c26 cm |
||
| 505 | _aR | ||
| 520 | _aIntroduces ships over the centuries from reed boats to hovercraft. | ||
| 521 |
_a750
_bLexile estimate |
||
| 521 |
_aR
_bRaz-Plus |
||
| 650 |
_aShips _vBoats |
||
| 942 |
_2ddc _cBK _n0 |
||
| 999 |
_c9128 _d9128 |
||